AH International Schools' Libraries

Where did the chicken egg go? (KHMER) / (Record no. 48839)

MARC details
000 -LEADER
fixed length control field 00356nam a2200121 4500
020 ## - INTERNATIONAL STANDARD BOOK NUMBER
International Standard Book Number 9789924350453
100 ## - MAIN ENTRY--PERSONAL NAME
Personal name Yan, Sreylin
9 (RLIN) 86231
245 ## - TITLE STATEMENT
Title Where did the chicken egg go? (KHMER) /
Statement of responsibility, etc Yan Sreylin & Srun Rida
260 ## - PUBLICATION, DISTRIBUTION, ETC. (IMPRINT)
Place of publication, distribution, etc Cambodia
Name of publisher, distributor, etc S.J. Metta Karuna
Date of publication, distribution, etc 2023
300 ## - PHYSICAL DESCRIPTION
Extent 20 p.
Other physical details col. ill.
Dimensions 22 cm.
650 ## - SUBJECT ADDED ENTRY--TOPICAL TERM
Topical term or geographic name as entry element Khmer Fiction
9 (RLIN) 80279
942 ## - ADDED ENTRY ELEMENTS (KOHA)
Source of classification or shelving scheme
Koha item type Book
Holdings
Withdrawn status Lost status Source of classification or shelving scheme Damaged status Not for loan Collection code Home library Current library Date acquired Total Checkouts Full call number Barcode Date last seen Date checked out Price effective from Koha item type Checked out Shelving location
          Siem Riep Asian Hope Early Years Library Asian Hope Early Years Library 05/22/2025 4 KHMER E YAN 208516 04/29/2026 04/22/2026 05/22/2025 Book   Easy Reading
          Siem Riep Asian Hope Primary Library Asian Hope Primary Library 04/21/2025 8 KHMER E YAN 208134 04/01/2026 03/25/2026 04/21/2025 Book    
          Siem Riep Asian Hope Primary Library Asian Hope Primary Library 05/01/2025 15 KHMER E YAN 207863 04/28/2026 04/28/2026 05/01/2025 Book 05/05/2026  

For any Logos Library related questions please contact Miss Art at swongnarasuk@asianhope.org.

For any Asian Hope Library related questions please contact Miss Raza at graza@asianhope.org.

Powered by Koha